[Event "SVK Extraliga 2017-18"]
[Site "Slovakia"]
[Date "2017.10.01"]
[Round "2"]
[White "Jozefek, Michal"]
[Black "Bagi, Mate"]
[Result "0-1"]
[WhiteElo "2198"]
[BlackElo "2446"]
[Annotator "TA"]
[PlyCount "90"]
[EventDate "2017.09.30"]
[EventType "team-tourn"]
[EventCountry "SVK"]
[SourceTitle "playchess.com"]
[Source "ChessBase"]
[SourceQuality "1"]

{[%evp 9,90,-1,12,0,0,-18,-8,-18,-9,-32,0,0,-8,-3,0,-40,-12,-37,0,-29,-26,-21,-37,-32,-35,-35,8,0,0,-27,0,-10,0,-25,-6,-16,0,-10,-8,-16,-9,-13,0,-2,0,-15,-8,-23,-18,-40,0,0,-2,-17,-21,-83,-79,-90,-87,-209,-206,-193,-118,-127,-119,-118,-66,-123,-120,-141,-135,-134,-108,-150,-137,-312,-298,-1137,-938,-913,-802,-29979,-29980]} 1. d4 Nf6 2. Bf4 d5 3. e3 c5 4. Nc3 cxd4 5. exd4 a6 6. Bd3 {B13: Caro-Kann: Exchange Variation and Panov-Botvinnik Attack} (6. Nf3 Nc6 7. Ne5 Bf5 8. g4 Nxe5 9. gxf5 Nc6 10. Qd3 g6 11. O-O-O Bg7 12. h4 Nb4 13. Qe2 gxf5 {1-0 (38) Aronian,L (2799)-Le,Q (2739) Saint Louis 2017}) 6... Nc6 7. Nge2 Bg4 8. Qd2 {The position is equal.} e6 9. a3 $146 ({Predecessor:} 9. f3 Bh5 10. O-O-O Nb4 11. h4 Nxd3+ 12. Qxd3 Bg6 13. Qe3 {0-1 (29) Brynjarsson,E (1626)-Keetbaas,H (1991) Reykjavik 2011}) 9... Bd6 10. f3 Bh5 11. Bxd6 Qxd6 12. Na4 Nd7 13. b4 b6 14. Qf4 Qxf4 15. Nxf4 Bg6 $1 {[%cal Rg6d3]} 16. Nxg6 hxg6 17. c3 $1 Ke7 18. Kd2 g5 19. Nb2 Nd8 20. Rac1 Nc6 21. Ra1 Kd6 22. h3 Nf6 23. Rhe1 Nh5 24. Bf1 Nf4 25. Nd3 f6 26. a4 a5 27. Nxf4 gxf4 28. bxa5 Rxa5 29. Reb1 Rb8 30. Rb2 e5 31. Bb5 exd4 32. cxd4 (32. Bxc6 $11 dxc3+ 33. Kxc3 Kxc6 34. Rb4) 32... Nxd4 $17 33. Rc1 Raa8 34. Rb4 (34. Ra1 $17 {might work better.}) 34... Nxb5 $19 35. axb5 Rc8 (35... Ra2+ $19 36. Rc2 Rxc2+ 37. Kxc2 g5) 36. Rxc8 $17 Rxc8 37. Rxf4 {[%mdl 4096] Endgame KR-KR} Kc5 (37... Rc4 $1 $17 {[%cal Rc4f4]} 38. Rxc4 dxc4) 38. Rg4 {[#]} ({Better is} 38. Ra4 $15) 38... Rc7 $1 ({Weaker is} 38... Kxb5 39. Rxg7 Kc4 40. h4 $14) 39. h4 Kxb5 40. h5 {[#]} Kc5 $1 41. Kc3 b5 {[%cal Bb6b5,Bb5b4][%mdl 32]} 42. Rd4 $2 (42. Rf4 $17) 42... Re7 $19 43. Rd3 $2 (43. Kd3) 43... b4+ 44. Kd2 Kc4 45. g4 d4 {Precision: White = 30%, Black = 46%.} 0-1

[Event "SVK Extraliga 2017-18"]
[Site "Slovakia"]
[Date "2017.10.01"]
[Round "2"]
[White "Hros, Roman"]
[Black "Lisko, Frantisek"]
[Result "1-0"]
[WhiteElo "2181"]
[BlackElo "2251"]
[Annotator "NA"]
[PlyCount "63"]
[EventDate "2017.09.30"]
[EventType "team-tourn"]
[EventCountry "SVK"]
[SourceTitle "playchess.com"]
[Source "ChessBase"]
[SourceQuality "1"]
[TimeControl "40/5400+30:1800+30"]

1. Nf3 {[%emt 0:00:00]} Nf6 {[%emt 0:00:12]} 2. c4 {[%emt 0:00:00]} e6 {[%emt 0:01:01]} 3. g3 {[%emt 0:02:02]} d5 {[%emt 0:01:14]} 4. Bg2 {[%emt 0:00:22]} dxc4 {[%emt 0:01:39]} 5. Qa4+ {[%emt 0:04:46]} Nbd7 {[%emt 0:00:40]} 6. O-O {[%emt 0:02:44]} c5 {[%emt 0:01:48]} 7. Qxc4 {[%emt 0:06:11]} a6 {[%emt 0:01:45]} 8. Qc2 {[%emt 0:02:28]} Be7 {[%emt 0:01:12] A13: Reti-Eröffnung} (8... b5 9. a4 Bb7 10. Nc3 Qb6 11. d3 Be7 12. axb5 axb5 13. Rxa8+ Bxa8 14. Qb3 Nd5 15. Bg5 Nxc3 16. Qxc3 f6 17. Bd2 O-O 18. Ra1 Bb7 19. Ne1 Bxg2 20. Nxg2 {1-0 (53) Aronian,L (2797)-Wojtaszek,R (2744) Beijing 2014}) 9. b3 {[%emt 0:01:30]} O-O {[%emt 0:02:40]} 10. Bb2 {[%emt 0:00:01]} Nd5 {[%emt 0:02:21]} 11. Nc3 {[%emt 0:02:00]} Nb4 {[%emt 0:02:57]} 12. Qb1 {[%emt 0:02:47]} Nf6 $146 {[%emt 0:02:44]} ({Vorgänger:} 12... Rb8 13. d4 Nf6 14. Rd1 cxd4 15. Rxd4 Qc7 16. Rc4 {1-0 (39) Pastircak,M (2363)-Dorfanis,I (2121) Aghios Kirykos 2016}) 13. Rd1 {[%emt 0:07:53]} Nc6 {[%emt 0:01:46]} 14. e3 {[%emt 0:26:09]} e5 {[%emt 0:01:02]} 15. h3 {[%emt 0:00:48]} Kh8 {[%emt 0:14:43]} 16. Kh2 {[%emt 0:10:51]} h6 {[%emt 0:02:10]} 17. Kg1 {[%emt 0:00:47]} Be6 {[%emt 0:00:33]} 18. d4 {[%emt 0:02:18]} cxd4 {[%emt 0:01:46]} 19. exd4 {[%emt 0:00:10]} exd4 {[%emt 0:00:45]} 20. Ne2 {[%emt 0:04:45]} Qc8 {[%emt 0:03:37]} 21. Nf4 {[%emt 0:06:18]} Bf5 {[%emt 0:04:46]} 22. Qc1 $14 {[%emt 0:00:03]} g5 {[%emt 0:01:53]} 23. g4 {[%emt 0:03:53]} gxf4 {[%emt 0:02:08]} 24. Qxf4 {[%emt 0:00:33]} Bh7 {[%emt 0:05:59]} 25. Nxd4 {[%emt 0:03:13]} Kg7 {[%emt 0:06:44]} 26. Nxc6 {[%emt 0:04:22]} bxc6 {[%emt 0:00:51]} 27. Rd6 {[%emt 0:00:43]} Bf5 {[%emt 0:07:30]} 28. Rxc6 {[%emt 0:03:05]} Qd7 {[%emt 0:00:50]} 29. gxf5 {[%emt 0:01:49]} Qd8 {[%emt 0:08:25]} 30. Re1 {[%emt 0:01:04]} Kh7 {[%emt 0:01:56]} 31. Rxe7 {[%emt 0:00:40]} Qxe7 {[%emt 0:00:30]} 32. Rxf6 {[%emt 0:00:05]} 1-0

[Event "SVK Extraliga 2017-18"]
[Site "Slovakia"]
[Date "2017.10.01"]
[Round "2"]
[White "Borik, Juraj"]
[Black "Sepesi, Samuel"]
[Result "0-1"]
[WhiteElo "2164"]
[BlackElo "2183"]
[Annotator "NA"]
[PlyCount "60"]
[EventDate "2017.09.30"]
[EventType "team-tourn"]
[EventCountry "SVK"]
[SourceTitle "playchess.com"]
[Source "ChessBase"]
[SourceQuality "1"]
[TimeControl "40/5400+30:1800+30"]

1. e4 {[%emt 0:00:00]} c5 {[%emt 0:00:05]} 2. Nc3 {[%emt 0:00:00]} Nc6 {[%emt 0:00:05]} 3. g3 {[%emt 0:00:23]} g6 {[%emt 0:00:05]} 4. Bg2 {[%emt 0:00:17]} Bg7 {[%emt 0:00:06]} 5. Nge2 {[%emt 0:00:38]} d6 {[%emt 0:00:13]} 6. d3 {[%emt 0:02:04]} e5 {[%emt 0:00:06]} 7. Be3 {[%emt 0:02:53]} Nge7 {[%emt 0:00:07]} 8. Qd2 {[%emt 0:01:01]} O-O {[%emt 0:00:23]} 9. Bh6 {[%emt 0:01:47]} Rb8 {[%emt 0:07:16]} 10. h4 {[%emt 0:02:06]} f6 {[%emt 0:14:57]} 11. Bxg7 {[%emt 0:02:44]} Kxg7 {[%emt 0:00:10]} 12. Nd5 {[%emt 0:04:36]} h5 {[%emt 0:08:42]} 13. O-O-O {[%emt 0:03:07]} Nxd5 {[%emt 0:09:07]} 14. exd5 {[%emt 0:00:14]} Ne7 {[%emt 0:00:12]} 15. Kb1 {[%emt 0:05:05]} b5 {[%emt 0:00:52]} 16. f3 {[%emt 0:01:50]} Nxd5 {[%emt 0:07:45]} 17. g4 {[%emt 0:00:32]} Rh8 {[%emt 0:01:26]} 18. gxh5 {[%emt 0:05:04]} Rxh5 {[%emt 0:00:08]} 19. f4 {[%emt 0:00:44]} Nxf4 {[%emt 0:15:31]} 20. Nxf4 {[%emt 0:00:49]} exf4 {[%emt 0:00:05]} 21. Qxf4 {[%emt 0:00:40]} Qe7 {[%emt 0:00:59]} 22. Rde1 {[%emt 0:03:15]} Re5 {[%emt 0:02:56]} 23. Reg1 {[%emt 0:00:10]} Rf5 {[%emt 0:03:59]} 24. Qg3 {[%emt 0:02:13]} Qe5 {[%emt 0:02:02]} 25. Be4 {[%emt 0:02:10]} Rf1+ {[%emt 0:00:18]} 26. Rxf1 {[%emt 0:00:22]} Qxg3 {[%emt 0:00:06]} 27. Rfg1 {[%emt 0:00:36]} Qe5 {[%emt 0:06:36]} 28. Bxg6 {[%emt 0:01:07]} Bb7 {[%emt 0:04:19]} 29. Rh3 {[%emt 0:00:28]} Kh6 {[%emt 0:00:29]} 30. Bf7 {[%emt 0:04:22]} Bg2 {[%emt 0:00:25]} 0-1

[Event "SVK Extraliga 2017-18"]
[Site "Slovakia"]
[Date "2017.10.01"]
[Round "2"]
[White "Michalicka, Milan"]
[Black "Kriebel, Tadeas"]
[Result "0-1"]
[WhiteElo "2158"]
[BlackElo "2501"]
[Annotator "TA"]
[PlyCount "84"]
[EventDate "2017.09.30"]
[EventType "team-tourn"]
[EventCountry "SVK"]
[SourceTitle "playchess.com"]
[Source "ChessBase"]
[SourceQuality "1"]

{[%evp 13,84,26,27,36,23,0,-5,-20,-26,-36,-42,-68,-65,-60,-37,-40,-33,-52,-41,-53,-51,-52,-52,-55,-49,-47,-40,-45,-30,-68,-40,-54,-68,-75,-42,-42,-42,-41,-41,-48,-44,-73,-68,-92,-91,-91,-92,-93,-92,-93,-92,-219,-213,-215,-225,-193,-175,-504,-506,-561,-552,-563,-552,-462,-366,-326,-347,-332,-241,-241,-227,-216,-212]} 1. d4 d5 2. c4 e6 3. Nf3 Nf6 4. g3 dxc4 5. Bg2 Nc6 6. Qa4 Bb4+ 7. Bd2 Nd5 8. Bxb4 {E04: Open Catalan: 5 Nf3} (8. Qb5 Bxd2+ 9. Nbxd2 c3 10. bxc3 Nxc3 11. Qb2 Na4 12. Qc2 Nb6 13. e3 O-O 14. O-O Qe7 15. Rac1 Rd8 {0-1 (57) Harikrishna,P (2755)-Bu,X (2723) Danzhou 2016}) 8... Ndxb4 9. a3 b5 $1 10. Qd1 {The position is equal.} Nd5 11. O-O O-O 12. Nc3 Rb8 $146 ({Predecessor:} 12... Nxc3 13. bxc3 Rb8 14. Nd2 Ne7 15. Ne4 Bb7 {0-1 (45) Sharevich,A (2289)-Kovanova,B (2346) Vladimir 2007}) 13. Qc2 Qe7 14. b3 Na5 15. Nd2 Nxc3 16. Qxc3 Nxb3 17. Nxb3 cxb3 18. Rfc1 Bb7 19. Qxb3 Bxg2 20. Kxg2 Qd6 21. Qb4 Qb6 (21... a5 $5 22. Qb2 b4 $17) 22. e3 Rfc8 23. Qc5 Qxc5 (23... c6 {looks sharper.} 24. Qd6 Qc7 25. Qc5 h6 26. Rab1 a5) 24. Rxc5 $17 {[%mdl 4096] Endgame KRR-KRR} Kf8 25. Kf3 Ke7 26. Ke2 Kd6 27. Rb1 c6 28. Rbc1 Rb6 29. e4 Rcb8 30. Kd3 Ra6 31. R1c3 Rbb6 32. d5 (32. e5+ $17 Kd7 33. Ke4) 32... exd5 33. exd5 cxd5 34. Rc7 {[#]} Rxa3 $1 {[%mdl 512]} 35. Rxf7 $2 (35. Rxa3 {nothing else works.} Kxc7 36. Rxa7+ Rb7 37. Ra6) 35... Rxc3+ $19 36. Kxc3 {KR-KR} Rc6+ 37. Kb4 Rc7 38. Rf8 a6 39. Ra8 Rc4+ 40. Kb3 Kc5 41. Rxa6 Rb4+ 42. Kc2 Ra4 {Precision: White = 49%, Black = 70%.} 0-1

[Event "SVK Extraliga 2017-18"]
[Site "Slovakia"]
[Date "2017.10.01"]
[Round "2"]
[White "Hlinka, Michal"]
[Black "Blaho, Stefan"]
[Result "1-0"]
[WhiteElo "2155"]
[BlackElo "2029"]
[Annotator "NA"]
[PlyCount "102"]
[EventDate "2017.09.30"]
[EventType "team-tourn"]
[EventCountry "SVK"]
[SourceTitle "playchess.com"]
[Source "ChessBase"]
[SourceQuality "1"]
[TimeControl "40/5400+30:1800+30"]

1. d4 {[%emt 0:00:00]} d5 {[%emt 0:00:49]} 2. Nf3 {[%emt 0:00:00]} Nf6 {[%emt 0:00:22]} 3. c4 {[%emt 0:00:00]} e6 {[%emt 0:00:06]} 4. g3 {[%emt 0:00:13]} Be7 {[%emt 0:02:54]} 5. Bg2 {[%emt 0:00:04]} O-O {[%emt 0:00:18]} 6. O-O {[%emt 0:00:19]} b6 {[%emt 0:10:41]} 7. Nc3 {[%emt 0:01:38]} Bb7 {[%emt 0:02:10]} 8. Ne5 {[%emt 0:00:27]} Qc8 {[%emt 0:05:05]} 9. cxd5 {[%emt 0:01:20]} exd5 {[%emt 0:00:38]} 10. Bf4 {[%emt 0:00:58]} Qe6 {[%emt 0:04:04]} 11. Rc1 {[%emt 0:02:33]} a6 {[%emt 0:06:24]} 12. Qb3 {[%emt 0:00:58]} Bd6 {[%emt 0:12:15]} 13. Rfe1 {[%emt 0:05:25]} Nc6 {[%emt 0:06:00]} 14. e4 {[%emt 0:22:58]} Nxd4 {[%emt 0:05:21]} 15. Qd1 {[%emt 0:00:21]} c5 {[%emt 0:00:19]} 16. exd5 {[%emt 0:00:17]} Qc8 {[%emt 0:26:47]} 17. Bg5 {[%emt 0:01:29]} Nd7 {[%emt 0:07:14]} 18. Nc4 {[%emt 0:00:32]} Bb8 {[%emt 0:03:25]} 19. Bh3 {[%emt 0:01:59]} f5 {[%emt 0:00:04]} 20. Re7 {[%emt 0:02:54]} b5 {[%emt 0:02:13]} 21. Na5 {[%emt 0:01:14]} Bd6 {[%emt 0:00:05]} 22. Re6 {[%emt 0:01:40]} Bc7 {[%emt 0:03:35]} 23. Nxb7 {[%emt 0:01:00]} Qxb7 {[%emt 0:00:00]} 24. Bg2 {[%emt 0:01:00]} Qb8 {[%emt 0:01:05]} 25. Re7 {[%emt 0:03:06]} Bd8 {[%emt 0:01:04]} 26. Qh5 {[%emt 0:02:07]} Bxe7 {[%emt 0:00:00]} 27. Bxe7 {[%emt 0:00:03]} Nf6 {[%emt 0:00:13]} 28. Qh4 {[%emt 0:01:44]} b4 {[%emt 0:00:31]} 29. Bxc5 {[%emt 0:00:39]} bxc3 {[%emt 0:00:27]} 30. Qxd4 {[%emt 0:00:04]} cxb2 {[%emt 0:00:23]} 31. Rb1 {[%emt 0:00:12]} Re8 {[%emt 0:00:27]} 32. Rxb2 {[%emt 0:00:58]} Re1+ {[%emt 0:00:11]} 33. Bf1 {[%emt 0:00:01]} Qe8 {[%emt 0:00:53]} 34. d6 {[%emt 0:00:39]} Qc6 {[%emt 0:00:46]} 35. Bb4 {[%emt 0:01:05]} Rc1 {[%emt 0:00:09]} 36. Bd2 {[%emt 0:01:20]} Rd1 {[%emt 0:00:16]} 37. Qd3 {[%emt 0:01:50]} Kh8 {[%emt 0:00:42]} 38. Qe2 {[%emt 0:03:40]} Ra1 {[%emt 0:00:04]} 39. h3 {[%emt 0:03:27]} Re8 {[%emt 0:00:03]} 40. Be3 {[%emt 0:00:22]} Qxd6 {[%emt 0:08:06]} 41. Rd2 {[%emt 0:30:30]} Qc6 42. Kh2 {[%emt 0:00:30]} Qc1 {[%emt 0:01:00]} 43. Kg2 {[%emt 0:00:30]} Qc6+ {[%emt 0:00:30]} 44. Kh2 {[%emt 0:00:30]} Qc1 {[%emt 0:00:30]} 45. Kg2 {[%emt 0:00:30]} h6 {[%emt 0:00:30]} 46. Qc4 {[%emt 0:00:30]} Qe1 {[%emt 0:00:30]} 47. Qe2 {[%emt 0:00:30]} Qc1 {[%emt 0:00:30]} 48. Qc4 {[%emt 0:00:30]} Qe1 {[%emt 0:00:30]} 49. Qe2 {[%emt 0:00:30]} Qb1 {[%emt 0:00:30]} 50. Qxa6 {[%emt 0:00:30]} Qe4+ {[%emt 0:00:30]} 51. Kh2 {[%emt 0:00:30]} Ra8 {[%emt 0:00:30]} 1-0

[Event "SVK Extraliga 2017-18"]
[Site "Slovakia"]
[Date "2017.10.01"]
[Round "2"]
[White "Szucs, Vladimir"]
[Black "Najgebauer, Szemjon"]
[Result "0-1"]
[WhiteElo "2125"]
[BlackElo "2202"]
[Annotator "NA"]
[PlyCount "64"]
[EventDate "2017.09.30"]
[EventType "team-tourn"]
[EventCountry "SVK"]
[SourceTitle "playchess.com"]
[Source "ChessBase"]
[SourceQuality "1"]
[TimeControl "40/5400+30:1800+30"]

1. d4 {[%emt 0:00:00]} Nf6 {[%emt 0:00:16]} 2. c4 {[%emt 0:00:03]} g6 {[%emt 0:00:10]} 3. Nc3 {[%emt 0:00:14]} d5 {[%emt 0:00:24]} 4. cxd5 {[%emt 0:00:25]} Nxd5 {[%emt 0:00:06]} 5. e4 {[%emt 0:00:04]} Nxc3 {[%emt 0:00:08]} 6. bxc3 {[%emt 0:00:03]} Bg7 {[%emt 0:00:06]} 7. Be3 {[%emt 0:00:05]} c5 {[%emt 0:00:55]} 8. Qd2 {[%emt 0:04:43]} O-O {[%emt 0:03:09]} 9. Nf3 {[%emt 0:00:09]} cxd4 {[%emt 0:03:47]} 10. cxd4 {[%emt 0:00:06]} Nc6 {[%emt 0:00:06]} 11. Rd1 {[%emt 0:01:43]} a6 {[%emt 0:11:19]} 12. d5 {[%emt 0:06:46]} Ne5 {[%emt 0:01:01]} 13. Nxe5 {[%emt 0:09:14]} Bxe5 {[%emt 0:00:10]} 14. Be2 {[%emt 0:00:29]} b5 {[%emt 0:04:19]} 15. f4 {[%emt 0:02:11]} Bc7 {[%emt 0:00:41]} 16. O-O {[%emt 0:00:45]} Bb6 {[%emt 0:02:15]} 17. Bf3 {[%emt 0:02:22]} Rb8 {[%emt 0:05:48]} 18. Rc1 {[%emt 0:07:38]} Bd7 {[%emt 0:05:34]} 19. e5 {[%emt 0:02:33]} b4 {[%emt 0:03:41]} 20. Bxb6 {[%emt 0:02:23]} Qxb6+ {[%emt 0:00:26]} 21. Qf2 {[%emt 0:00:09]} Qxf2+ {[%emt 0:05:04]} 22. Kxf2 {[%emt 0:02:34]} Rfc8 {[%emt 0:04:35]} 23. Be2 {[%emt 0:11:54]} a5 {[%emt 0:07:04]} 24. Ke3 {[%emt 0:01:00]} b3 {[%emt 0:10:07]} 25. Rxc8+ {[%emt 0:03:58]} Rxc8 {[%emt 0:00:53]} 26. axb3 {[%emt 0:00:06]} Rc3+ {[%emt 0:00:06]} 27. Bd3 {[%emt 0:14:08]} Rxd3+ {[%emt 0:03:45]} 28. Kxd3 {[%emt 0:00:46]} Bb5+ {[%emt 0:00:08]} 29. Kd4 {[%emt 0:00:21]} Bxf1 {[%emt 0:00:06]} 30. g3 {[%emt 0:00:49]} Kf8 {[%emt 0:00:32]} 31. Kc5 {[%emt 0:00:12]} Bg2 {[%emt 0:01:30]} 32. d6 {[%emt 0:00:23]} exd6+ {[%emt 0:00:22]} 0-1

[Event "SVK Extraliga 2017-18"]
[Site "Slovakia"]
[Date "2017.10.01"]
[Round "2"]
[White "Gulbis, Adrian"]
[Black "Lembak, Jurij"]
[Result "*"]
[WhiteElo "2108"]
[BlackElo "2204"]
[Annotator "NA"]
[PlyCount "20"]
[EventDate "2017.09.30"]
[EventType "team-tourn"]
[EventCountry "SVK"]
[SourceTitle "playchess.com"]
[Source "ChessBase"]
[SourceQuality "1"]
[TimeControl "40/5400+30:1800+30"]

{[%evp 17,20,17,19,11,4]} 1. d4 {[%emt 0:00:00]} d5 {[%emt 0:00:20]} 2. Nf3 {[%emt 0:00:01]} Nf6 {[%emt 0:00:14]} 3. c4 {[%emt 0:01:06]} dxc4 {[%emt 0:00:17]} 4. Nc3 {[%emt 0:01:20]} a6 {[%emt 0:04:54]} 5. a4 {[%emt 0:01:37]} e6 {[%emt 0:03:15]} 6. e3 {[%emt 0:03:26]} c5 {[%emt 0:00:27]} 7. Bxc4 {[%emt 0:01:54]} Nc6 {[%emt 0:00:45]} 8. O-O {[%emt 0:00:28]} Be7 {[%emt 0:01:27]} 9. Qe2 {[%emt 0:02:52] LiveBook: 514 Partien} cxd4 {[%emt 0:01:37]} 10. Rd1 {[%emt 0:00:34]} O-O $11 {[%emt 0:00:50]} *

[Event "SVK Extraliga 2017-18"]
[Site "Slovakia"]
[Date "2017.10.01"]
[Round "2"]
[White "Hanko, Pavol"]
[Black "Hrabusa, Matej"]
[Result "0-1"]
[WhiteElo "2087"]
[BlackElo "2359"]
[Annotator "NA"]
[PlyCount "62"]
[EventDate "2017.09.30"]
[EventType "team-tourn"]
[EventCountry "SVK"]
[SourceTitle "playchess.com"]
[Source "ChessBase"]
[SourceQuality "1"]
[TimeControl "40/5400+30:1800+30"]

1. d4 {[%emt 0:00:00]} Nf6 {[%emt 0:00:05]} 2. Nf3 {[%emt 0:00:00]} d5 {[%emt 0:00:05]} 3. c4 {[%emt 0:00:16]} e6 {[%emt 0:00:05]} 4. Bg5 {[%emt 0:00:52]} Bb4+ {[%emt 0:00:05]} 5. Nbd2 {[%emt 0:02:10]} dxc4 {[%emt 0:00:13]} 6. Qc2 {[%emt 0:05:09] D30: Queen's Gambit Declined: Systems without Nc3} (6. e3 b5 7. a4 c6 8. Be2 Nbd7 9. O-O Qb6 10. Qc2 Bb7 11. b3 c3 12. Nb1 c5 13. Nxc3 cxd4 14. Nxb5 Rc8 15. Qb2 a6 16. a5 Qc5 17. exd4 Qf5 18. Bd2 Be7 19. Nc3 O-O 20. Nh4 {1-0 (20) Mamedyarov,S (2800)-Inarkiev,E (2707) Geneve 2017}) 6... b5 {[%emt 0:00:41]} 7. a4 {[%emt 0:01:31]} c6 {[%emt 0:02:12]} 8. e4 {[%emt 0:02:27]} h6 {[%emt 0:06:00]} 9. Bxf6 {[%emt 0:08:07]} Qxf6 {[%emt 0:01:40]} 10. Be2 {[%emt 0:03:38]} Bb7 {[%emt 0:02:02]} 11. O-O {[%emt 0:01:10]} O-O {[%emt 0:03:07]} 12. e5 $146 {[%emt 0:08:04]} ({Predecessor:} 12. b3 cxb3 13. Nxb3 a6 14. Nc5 Bxc5 15. dxc5 Nd7 16. Rad1 Qe7 17. Rd6 e5 18. Rfd1 Nf6 19. Qd3 {½-½ (19) Onischuk,A (2655)-Kaidanov,G (2596) Chicago 2002}) 12... Qg6 {[%emt 0:09:40]} 13. Qxg6 {[%emt 0:04:53]} fxg6 {[%emt 0:00:06]} 14. Ne4 {[%emt 0:00:32]} a6 {[%emt 0:03:00]} 15. Rab1 {[%emt 0:05:43]} Nd7 {[%emt 0:08:27]} 16. b3 {[%emt 0:12:24]} cxb3 {[%emt 0:04:21]} 17. Rxb3 {[%emt 0:00:29]} c5 {[%emt 0:01:37]} 18. dxc5 {[%emt 0:03:29]} Bxc5 {[%emt 0:03:41]} 19. Nfd2 {[%emt 0:01:00]} Bd5 {[%emt 0:04:46]} 20. Rc3 {[%emt 0:11:16]} Bb4 {[%emt 0:03:20]} 21. Rc7 {[%emt 0:00:11]} Nxe5 {[%emt 0:00:29]} 22. axb5 {[%emt 0:00:13]} axb5 {[%emt 0:00:22]} 23. Bxb5 {[%emt 0:07:15]} Rfb8 {[%emt 0:02:28]} 24. f4 {[%emt 0:11:14]} Ng4 {[%emt 0:10:11]} 25. Bd3 {[%emt 0:03:09]} Ne3 {[%emt 0:01:35]} 26. Rb1 {[%emt 0:01:24] [#]} Nxg2 $19 {[%emt 0:05:12]} 27. Kxg2 {[%emt 0:01:29]} Bxd2 {[%emt 0:00:13]} 28. Rxb8+ {[%emt 0:01:42]} Rxb8 {[%emt 0:00:07]} 29. Kg3 {[%emt 0:01:34]} Rb3 {[%emt 0:01:45]} 30. Nc5 {[%emt 0:01:40]} Rc3 {[%emt 0:02:35]} 31. Kf2 {[%emt 0:01:56]} Bxf4 {[%emt 0:01:06]} 0-1

[Event "SVK Extraliga 2017-18"]
[Site "Slovakia"]
[Date "2017.10.01"]
[Round "2"]
[White "Pcola, Jaroslav"]
[Black "Zatko, Gregor"]
[Result "1-0"]
[WhiteElo "2083"]
[BlackElo "2205"]
[Annotator "NA"]
[PlyCount "71"]
[EventDate "2017.09.30"]
[EventType "team-tourn"]
[EventCountry "SVK"]
[SourceTitle "playchess.com"]
[Source "ChessBase"]
[SourceQuality "1"]
[TimeControl "40/5400+30:1800+30"]

1. e4 {[%emt 0:00:00]} g6 {[%emt 0:00:09]} 2. d4 {[%emt 0:00:40]} Bg7 {[%emt 0:00:04]} 3. Nc3 {[%emt 0:00:36]} d6 {[%emt 0:00:06]} 4. g3 {[%emt 0:00:42]} Nc6 {[%emt 0:00:15]} 5. Be3 {[%emt 0:05:15]} e5 {[%emt 0:04:00]} 6. dxe5 {[%emt 0:00:14]} Nxe5 {[%emt 0:00:11]} 7. f4 {[%emt 0:00:17]} Bg4 {[%emt 0:05:22]} 8. Be2 {[%emt 0:05:34]} Nc4 {[%emt 0:08:32]} 9. Bc1 {[%emt 0:02:44]} Bxe2 {[%emt 0:04:25]} 10. Ngxe2 {[%emt 0:01:27]} Ne7 {[%emt 0:01:56]} 11. Qd3 {[%emt 0:01:41]} Nb6 {[%emt 0:00:08]} 12. Be3 {[%emt 0:02:07]} c6 {[%emt 0:06:16]} 13. O-O-O {[%emt 0:03:58]} d5 {[%emt 0:01:41]} 14. Bd4 {[%emt 0:06:56]} O-O {[%emt 0:04:54]} 15. Bxg7 {[%emt 0:01:44]} Kxg7 {[%emt 0:00:03]} 16. f5 {[%emt 0:03:27]} Qd6 {[%emt 0:03:31]} 17. Rhf1 {[%emt 0:17:04]} gxf5 {[%emt 0:10:07]} 18. Qd4+ {[%emt 0:03:37]} Kg8 {[%emt 0:02:41]} 19. exf5 {[%emt 0:01:01]} f6 {[%emt 0:04:35]} 20. Qg4+ {[%emt 0:06:36]} Kh8 {[%emt 0:00:23]} 21. Rf4 {[%emt 0:00:33]} Rg8 {[%emt 0:06:50]} 22. Qf3 {[%emt 0:06:17]} Qc5 {[%emt 0:03:30]} 23. Nd4 {[%emt 0:06:01]} Nc4 {[%emt 0:00:27]} 24. Re1 {[%emt 0:04:45]} Ne5 {[%emt 0:07:18]} 25. Qh5 {[%emt 0:02:07]} Nc8 {[%emt 0:07:29]} 26. Qxh7+ {[%emt 0:05:00]} Kxh7 {[%emt 0:00:11]} 27. Rh4+ {[%emt 0:00:06]} Kg7 {[%emt 0:00:06]} 28. Ne6+ {[%emt 0:00:06]} Kf7 {[%emt 0:00:09]} 29. Rh7+ {[%emt 0:00:42]} Ke8 {[%emt 0:00:16]} 30. Nxc5 {[%emt 0:00:21]} b6 {[%emt 0:04:17]} 31. Ne6 {[%emt 0:01:33]} Rb8 {[%emt 0:00:06]} 32. Nc7+ {[%emt 0:01:43]} Kd8 {[%emt 0:01:10]} 33. Ne6+ {[%emt 0:00:01]} Ke8 {[%emt 0:00:07]} 34. Ng7+ {[%emt 0:00:46]} Kd8 {[%emt 0:01:06]} 35. Nh5 {[%emt 0:01:40]} Nf3 {[%emt 0:02:09]} 36. Nxf6 {[%emt 0:01:47]} 1-0

[Event "SVK Extraliga 2017-18"]
[Site "Slovakia"]
[Date "2017.10.01"]
[Round "2"]
[White "Magat, Jozef"]
[Black "Tropp, Oliver"]
[Result "1-0"]
[WhiteElo "2079"]
[BlackElo "2222"]
[Annotator "NA"]
[PlyCount "45"]
[EventDate "2017.09.30"]
[EventType "team-tourn"]
[EventCountry "SVK"]
[SourceTitle "playchess.com"]
[Source "ChessBase"]
[SourceQuality "1"]
[TimeControl "40/5400+30:1800+30"]

1. e4 {[%emt 0:00:00]} e6 {[%emt 0:00:06]} 2. d4 {[%emt 0:00:00]} d5 {[%emt 0:00:05]} 3. Nc3 {[%emt 0:00:39]} Bb4 {[%emt 0:00:06]} 4. exd5 {[%emt 0:00:56]} exd5 {[%emt 0:00:22]} 5. Bd3 {[%emt 0:00:47]} Nc6 {[%emt 0:00:38]} 6. a3 {[%emt 0:00:56]} Bxc3+ {[%emt 0:01:15]} 7. bxc3 {[%emt 0:00:04]} Nge7 {[%emt 0:00:20]} 8. Nf3 {[%emt 0:01:46]} Bg4 {[%emt 0:00:53]} 9. O-O {[%emt 0:02:01]} Qd7 {[%emt 0:03:00]} 10. Bf4 {[%emt 0:08:02]} f6 {[%emt 0:01:29]} 11. h3 {[%emt 0:08:14]} Bh5 {[%emt 0:00:52]} 12. Re1 {[%emt 0:06:37]} O-O-O {[%emt 0:04:31]} 13. a4 {[%emt 0:08:27]} g5 {[%emt 0:01:48]} 14. Bg3 {[%emt 0:04:50]} Rdg8 {[%emt 0:13:53]} 15. Qe2 {[%emt 0:08:12]} Bf7 {[%emt 0:02:45]} 16. Rab1 {[%emt 0:02:55]} Nf5 {[%emt 0:04:10]} 17. Bxf5 {[%emt 0:04:44]} Qxf5 {[%emt 0:01:25]} 18. Qb5 {[%emt 0:02:27]} Kd7 {[%emt 0:01:40]} 19. Qxb7 {[%emt 0:08:54]} Rc8 {[%emt 0:00:05]} 20. Nd2 {[%emt 0:04:25]} Rhe8 {[%emt 0:30:20]} 21. Nb3 {[%emt 0:04:28]} Ne7 {[%emt 0:04:23]} 22. Nc5+ {[%emt 0:08:01]} Kd8 {[%emt 0:00:06]} 23. Qb5 {[%emt 0:01:33]} 1-0